|
|
|
|
| LEADER |
00000nab a2200000 a 4500 |
| 001 |
vtls000433017 |
| 003 |
SK-MaSNL |
| 005 |
20260302233740.0 |
| 008 |
120925c1991 xo 0 slo |
| 015 |
|
|
|a SNBRB19rr/mm-uuuuu
|
| 035 |
|
|
|a CL0433145
|
| 040 |
|
|
|a SNKBUCL
|b slo
|c SNKBUCL
|e AACR2
|
| 041 |
0 |
|
|a slo
|
| 044 |
|
|
|a xo
|c SK
|
| 080 |
|
|
|a 631.115.6(437)
|2 1981
|
| 080 |
|
|
|a 334.4(437)
|2 1981
|
| 100 |
1 |
|
|a Karen, Ota,
|d 1931-2007
|4 aut
|9 111670
|
| 245 |
1 |
0 |
|a Vládne v Amerike socializmus?
|b Predseda Družstevnej únie ČSFR Ota Karen o budúcnosti družstevníctva
|c Ota Karen, Marta Pawlicová, Jaroslav Šmíd
|
| 500 |
|
|
|a /Začiatok./
|
| 650 |
0 |
7 |
|a družstevníctvo
|2 snkbucl
|9 2134
|
| 650 |
0 |
7 |
|a družstvá poľnohospodárske
|2 snkbucl
|9 309557
|
| 655 |
|
7 |
|a články z novín a časopisov
|2 snkbucl
|9 267496
|
| 700 |
1 |
|
|a Pawlicová, Marta
|4 aut
|9 921263
|
| 700 |
1 |
|
|a Šmíd, Jaroslav
|4 aut
|9 409102
|
| 773 |
0 |
|
|t Roľnícke noviny
|g Roč. 46, č. 266 (13. 11. 1991), s. 1 a 8
|
| 850 |
|
|
|a Slovenská národná knižnica v Martine
|a MTA001
|
| 852 |
|
|
|a SNK
|b KIS3GCP
|
| 958 |
|
|
|a RK
|
| 992 |
|
|
|a RBX
|
| 999 |
|
|
|c 1547653
|d 1549583
|